01259nam a2200277 a 450000100060000000300080000600500170001400800410003102000210007203500190009304000310011204100080014308200240015124500930017525000220026826000330029030000350032350400520035850503070041065000410071765000240075870000270078294200120080999900170082195201430083833157BD-RjUL20211209051945.0140430s1966 ne c b 001 0 eng d a9024715024 (v.1) a(BD-RjUL)33248 aUkOxUbengcUkOxUdBD-RjUL aeng00a300.1bCOL V-3 1966 0aCollected papers /cedited by Alfred SchutznV-3pStudies in phenomenological philosophy a4th unchanged ed. aThe Hague :bNijhoff,c1966. axxxi, 191p. :bport. ;c25 cm aIncludes bibliographical references and indexes0 av. 1. The problem of social reality / edited and introduced by Maurice Natanson ; with a preface by H.L. Van Breda -- v. 2. Studies in social theory / edited and introduced by Arvid Brodersen -- v. 3. Studies in phenomenological philosophy / edited by I. Schutz ; with an introduction by Aron Gurwitsch 0aSocial sciencesxMethodology9100712 0aPhenomenology933771 a Schutz, Alfred95084 2ddccBK c33157d33157 00102ddc40718NFICaRUCLbRUCLcReadingd2014-04-30eZeitlingerg48.00l0o300.1 COL V-3 1966r2014-04-30 00:00:00tC-1w2021-12-09yBK